<?xml version="1.0" encoding="UTF-8"?>
<record
    xmlns:xsi="http://www.w3.org/2001/XMLSchema-instance"
    xsi:schemaLocation="http://www.loc.gov/MARC21/slim http://www.loc.gov/standards/marcxml/schema/MARC21slim.xsd"
    xmlns="http://www.loc.gov/MARC21/slim">

  <leader>00944cam a22002298a 4500</leader>
  <controlfield tag="001">16350659</controlfield>
  <controlfield tag="005">20170906130952.0</controlfield>
  <controlfield tag="008">100727t2010    enk    gr     000 0 eng d</controlfield>
  <datafield tag="020" ind1=" " ind2=" ">
    <subfield code="a">9781846042706</subfield>
  </datafield>
  <datafield tag="040" ind1=" " ind2=" ">
    <subfield code="a">DLC</subfield>
    <subfield code="c">DLC</subfield>
    <subfield code="b">eng</subfield>
    <subfield code="d">EG-ScBUE</subfield>
  </datafield>
  <datafield tag="082" ind1="0" ind2="4">
    <subfield code="a">206.1</subfield>
    <subfield code="2">22</subfield>
    <subfield code="b">CHO</subfield>
  </datafield>
  <datafield tag="100" ind1="1" ind2=" ">
    <subfield code="a">Chopra, Deepak.</subfield>
    <subfield code="9">23713</subfield>
  </datafield>
  <datafield tag="245" ind1="1" ind2="4">
    <subfield code="a">The soul of leadership :</subfield>
    <subfield code="b">unlocking your potential for greatness /</subfield>
    <subfield code="c">Deepak Chopra.</subfield>
  </datafield>
  <datafield tag="260" ind1=" " ind2=" ">
    <subfield code="a">London :</subfield>
    <subfield code="b">Rider Books,</subfield>
    <subfield code="c">c.2010.</subfield>
  </datafield>
  <datafield tag="300" ind1=" " ind2=" ">
    <subfield code="a">220 p. ;</subfield>
    <subfield code="c">19 cm.</subfield>
  </datafield>
  <datafield tag="505" ind1="0" ind2=" ">
    <subfield code="a">L=look and listen -- E=emotional bonding -- A=awareness -- D=doing -- E=empowerment -- R=responsibility -- S=synchronicity -- Jeremy Moon, founder and CEO of Icebreaker -- Renata Black, founding director, Seven Bar Foundation -- A template for awareness.</subfield>
  </datafield>
  <datafield tag="650" ind1=" " ind2="7">
    <subfield code="a">Leadership</subfield>
    <subfield code="x">Religious aspects.</subfield>
    <subfield code="9">23714</subfield>
    <subfield code="2">BUEsh</subfield>
  </datafield>
  <datafield tag="651" ind1=" " ind2=" ">
    <subfield code="2">BUEsh</subfield>
  </datafield>
  <datafield tag="653" ind1=" " ind2=" ">
    <subfield code="b">GGEN</subfield>
    <subfield code="c">May2011</subfield>
    <subfield code="c">May2011</subfield>
  </datafield>
  <datafield tag="942" ind1=" " ind2=" ">
    <subfield code="2">ddc</subfield>
    <subfield code="c">BB</subfield>
  </datafield>
  <datafield tag="999" ind1=" " ind2=" ">
    <subfield code="c">15259</subfield>
    <subfield code="d">15259</subfield>
  </datafield>
  <datafield tag="952" ind1=" " ind2=" ">
    <subfield code="0">0</subfield>
    <subfield code="1">0</subfield>
    <subfield code="2">ddc</subfield>
    <subfield code="4">0</subfield>
    <subfield code="7">0</subfield>
    <subfield code="8">Diwan</subfield>
    <subfield code="a">MAIN</subfield>
    <subfield code="b">MAIN</subfield>
    <subfield code="c">LOW</subfield>
    <subfield code="d">2011-05-10</subfield>
    <subfield code="g">110.00</subfield>
    <subfield code="h">124070</subfield>
    <subfield code="l">1</subfield>
    <subfield code="m">13</subfield>
    <subfield code="o">206.1 CHO</subfield>
    <subfield code="p">000023156</subfield>
    <subfield code="q">2026-05-19</subfield>
    <subfield code="r">2022-11-13 00:00:00</subfield>
    <subfield code="s">2022-11-13</subfield>
    <subfield code="y">BB</subfield>
  </datafield>
</record>
